Politics : (Record no. 25465)
[ view plain ]
| 000 -LEADER | |
|---|---|
| fixed length control field | 00971cam a22002895a 4500 |
| 001 - CONTROL NUMBER | |
| control field | 18182292 |
| 005 - DATE AND TIME OF LATEST TRANSACTION | |
| control field | 20201128024156.0 |
| 008 - FIXED-LENGTH DATA ELEMENTS--GENERAL INFORMATION | |
| fixed length control field | 140609s2015 enk b 001 0 eng |
| 020 ## - INTERNATIONAL STANDARD BOOK NUMBER | |
| International Standard Book Number | 9780415841429 |
| 040 ## - CATALOGING SOURCE | |
| Original cataloging agency | DLC |
| Language of cataloging | eng |
| Transcribing agency | DLC |
| Modifying agency | DLC |
| -- | EG-ScBUE |
| 082 04 - DEWEY DECIMAL CLASSIFICATION NUMBER | |
| Edition number | 22 |
| Classification number | 320 |
| Item number | JAC |
| 100 1# - MAIN ENTRY--PERSONAL NAME | |
| Personal name | Jackson, Nigel A. |
| 9 (RLIN) | 33843 |
| 245 10 - TITLE STATEMENT | |
| Title | Politics : |
| Remainder of title | the basics / |
| Statement of responsibility, etc | Nigel A. Jackson and Stephen D. Tansey. |
| 250 ## - EDITION STATEMENT | |
| Edition statement | 5th ed. |
| 260 ## - PUBLICATION, DISTRIBUTION, ETC. (IMPRINT) | |
| Place of publication, distribution, etc | Oxon ; |
| -- | New York : |
| Name of publisher, distributor, etc | Routledge / Taylor & Francis Group, |
| Date of publication, distribution, etc | 2015. |
| 300 ## - PHYSICAL DESCRIPTION | |
| Extent | xvi, 268 p. ; |
| Dimensions | 21 cm. |
| 490 0# - Series Statement | |
| Series statement | The Basics |
| 500 ## - GENERAL NOTE | |
| General note | Stephen D. Tansey was the first listed author of the previous four editions. |
| 504 ## - BIBLIOGRAPHY, ETC. NOTE | |
| Bibliography, etc | Includes bibliographical references and index. |
| 650 #7 - SUBJECT ADDED ENTRY--TOPICAL TERM | |
| Topical term or geographic name as entry element | Political science. |
| Source of heading or term | BUEsh |
| 9 (RLIN) | 1313 |
| 650 #7 - SUBJECT ADDED ENTRY--TOPICAL TERM | |
| Topical term or geographic name as entry element | Political development. |
| Source of heading or term | BUEsh |
| 9 (RLIN) | 36960 |
| 651 ## - SUBJECT ADDED ENTRY--GEOGRAPHIC NAME | |
| Source of heading or term | BUEsh |
| 653 ## - INDEX TERM--UNCONTROLLED | |
| Resource For college | BAEPS, Political Science |
| Arrived date list | October2017 |
| 655 ## - INDEX TERM--GENRE/FORM | |
| Form subdivision | Text book |
| -- | 33728 |
| 700 1# - ADDED ENTRY--PERSONAL NAME | |
| Personal name | Tansey, Stephen D., |
| Dates associated with a name | 1942- |
| 9 (RLIN) | 33841 |
| 942 ## - ADDED ENTRY ELEMENTS (KOHA) | |
| Source of classification or shelving scheme | Dewey Decimal Classification |
| Withdrawn status | Item status | Source of classification or shelving scheme | Damaged status | Not for loan | Vendor | Home library | Current library | Shelving location | Date acquired | Source of acquisition | Cost, normal purchase price | Total Checkouts | Full call number | Barcode | Date last seen | Koha item type | Total Renewals | Date last borrowed | Materials specified (bound volume or other part) |
|---|---|---|---|---|---|---|---|---|---|---|---|---|---|---|---|---|---|---|---|
| Dewey Decimal Classification | Baccah | Central Library | Central Library | First floor | 08/10/2017 | Purchase | 320.00 | 320 JAC | 000042048 | 15/07/2025 | NB - Book (Non borrowing) | ||||||||
| Dewey Decimal Classification | Baccah | Central Library | Central Library | First floor | 08/10/2017 | Purchase | 320.00 | 4 | 320 JAC | 000042049 | 15/07/2025 | Book - Borrowing | 23 | 24/09/2023 | |||||
| Lost | Dewey Decimal Classification | Baccah | Central Library | Central Library | First floor | 08/10/2017 | Purchase | 320.00 | 320 JAC | 000042050 | 18/08/2021 | Book - Borrowing | Lost In Inventory_24-8-2022 |